Top 10 landen die de meeste wijn produceren met hoofdstad Sudden Death - Statistieken

Algemene statistieken
  • Deze quiz is 7 keer genomen
  • De gemiddelde score is 13 van 22
Answers on the Grid
Answers color-coded by a green-red scale on the quiz's grid according to % correct below.
Griekenland
Oostenrijk
Luxemburg
Italië
Frankrijk
Andorra
Nederland
Zwitserland
Hongarije
Spanje
China
Verenigde Staten
Australië
Argentinië
Roemenië
Bulgarije
Zuid-Afrika
Chili
India
Colombia
Costa Rica
Portugal
Thailand
Nieuw Zeeland
Japan
Parijs
Rome
Athene
Wenen
Luxemburg
Bangkok
New Delhi
Wellington
Boekarest
Sofia
Kaapstad
Pretoria
Bloemfontein
Santiago
Budapest
Bern
Andorra la Vella
Amsterdam
Madrid
Beijing
Washington
Canberra
Buenos Aires
San José
Bogota
Lissabon
Tokyo
 
Antwoordstatistieken
Antwoord % Correct
Frankrijk
100%
Parijs
100%
Spanje
100%
Lissabon
83%
Madrid
83%
Zuid-Afrika
83%
Argentinië
67%
Portugal
67%
Rome
67%
Verenigde Staten
67%
Washington
67%
Bloemfontein
50%
Buenos Aires
50%
Italië
50%
Kaapstad
50%
Australië
33%
Canberra
33%
Chili
33%
Pretoria
33%
Santiago
33%
Beijing
17%
China
17%
Geen overeenkomende quizzen gevonden
Scoreverdeling
Procent van Mensen met Elke Score
Percentiel versus Aantal Correcte Antwoorden
Uw Scoregeschiedenis
U heeft deze quiz nog niet genomen